Green markets : the economics of sustainable development

Saved in:
Bibliographic Details
Main Author: Panaiotov, Todor
Format: Book
Language:English
Published: San Francisco : Institute for Contemporary Studies, 1993
Series:Sector studies ; ; 7
Subjects:
Tags: Add Tag
No Tags, Be the first to tag this record!

MARC

LEADER 00000nam a2200000 i 4500
001 1/2542
008 960206s1993 eng d
020 |a 1-55815-222-9 
035 |l 10014897 
040 |a GR-MY-UA  |b gre  |e aacr 
041 0 |a eng 
082 0 |a 338.90091724 
100 1 |a Panaiotov, Todor. 
245 1 0 |a Green markets :  |b the economics of sustainable development /  |c Theodore Panayotou 
260 |a San Francisco :   |b Institute for Contemporary Studies,   |c 1993 
300 |a 169 p.  |b tables; fig. 
490 1 |a Sector studies  |v ; 7 
500 |a A copublication of the International Center for Economic Growth and the Harvard Institute for International Development. 
504 |a Includes bibliographical references and index. 
650 0 0 |a Environmental policy  |x Economic aspects  |z Developing countries  |x Case studies. 
650 0 0 |a Sustainable development  |z Developing countries  |x Case studies. 
830 0 |a Sector studies ;  |v ; 7 
852 |a INST  |b LESVOS  |e 19960206  |h 338.90091724 PAN  |p 005100007292  |q 005100007292  |t BK  |y 0 
909 |a Λ  |b 043362